000 01053nam a22003017a 4500
001 BR7604345
003 BR-BrBNA
005 20240205111845.0
007 ta
008 230509b bl.||||| |||| 00| 0 por d
040 _aBR-BrBNA
_bpor
_cBiblioteca Nacional de Agricultura
041 _a(Por)
072 _aA50; C00
090 _aA50
_bBR7604345
100 1 _aVilla-Alvarez, Florindo (comp.)
110 1 _aPrograma Paranaense de Treinamento de Executivos, Curitiba, PR (Brasil)
_98055
245 1 _aAnteprojeto de pesquisa agricola para ACAR/AM e a ESAL [Associacao de Credito e Assistencia Rural do Amazonas, Escola Superior de Agricultura de Lavras, Minas Gerais, Brasil]
_bCurso Intensivo de Aperfeicoamento de Tecnicos em Administracao Rural
260 3 _aCuritiba, PR (Brasil):
_c1976.
300 _a26 p.
650 _aEXTENSAO RURAL
650 _aPESQUISA AGRICOLA
650 _aPROJETO DE PESQUISA
650 _aTREINAMENTO
650 _aINSTITUICAO AGRICOLA
650 _aAMAZONAS
650 _aMINAS GERAIS
942 _cBK
_2AGRIS
999 _c22724
_d22724